000 00370nam a2200133Ia 4500
008 240624s9999 xx 000 0 und d
041 _aeng
082 _a302.23 DEL
100 _aDELISLE JACQUES
245 _aINTERNET SOCIAL MEDIA AND A CHANGING CHI
260 _c2016
_aPhiladelphia
_bUniversity of Pennsylvania Press
300 _avi, 284 p.; 23 cm.
365 _c
_b33
999 _c32293
_d32293